LIBRARY & INFORMATION CENTRE, KCAET, TAVANUR

ONLINE PUBLIC ACCESS CATALOGUE (OPAC)

Irrigation automation based on soil electrical conductivity and leaf temperature (Record no. 15242)

MARC details
000 -LEADER
fixed length control field 00793nam a22002057a 4500
003 - CONTROL NUMBER IDENTIFIER
control field OSt
088 ## - REPORT NUMBER
Report number P 77
100 ## - MAIN ENTRY--AUTHOR NAME
Personal name HEMA P. S
245 ## - TITLE STATEMENT
Title Irrigation automation based on soil electrical conductivity and leaf temperature
260 ## - PUBLICATION, DISTRIBUTION, ETC. (IMPRINT)
Place of publication Tavanur 1998
Name of publisher Department of Land and Water Resources and Conservation Engineering
300 ## - PHYSICAL DESCRIPTION
Number of Pages 75
500 ## - GENERAL NOTE
General note Irrigation automation based on soil electrical conductivity and leaf temperature
520 ## - SUMMARY, ETC.
Summary, etc Irrigation automation based on soil electrical conductivity and leaf temperature
700 ## - ADDED ENTRY--PERSONAL NAME
Personal name Saritha E. K
700 ## - ADDED ENTRY--PERSONAL NAME
Personal name Shinoj Subramannian
700 ## - ADDED ENTRY--PERSONAL NAME
Personal name Er. Noble Abraham (Guide)
856 ## - ELECTRONIC LOCATION AND ACCESS
Uniform Resource Identifier https://drive.google.com/open?id=111SQES5DTD-Wd_7ufGkEXxmJrxWka9By
942 ## - ADDED ENTRY ELEMENTS (KOHA)
Koha item type Project Report
Holdings
Collection code Home library Current library Shelving location Full call number Accession Number Koha item type
Reference KAUAET KAUAET Reference 631.75807 HEM/IR P 77 Project Report
free website counter